| 000 | 01110naa a22003137a 4500 | ||
|---|---|---|---|
| 001 | BR8106483 | ||
| 003 | BR-BrBNA | ||
| 005 | 20240918175008.0 | ||
| 007 | ta | ||
| 008 | 230509b bl.||||| |||| 00| 0 por d | ||
| 040 |
_aBR-BrBNA _bpor _cBiblioteca Nacional de Agricultura |
||
| 041 | _a(Pt) | ||
| 072 |
_aL73; L36 _b5300 _b4110 _b8954 _b3740 |
||
| 090 | _aL73 BR8106483 | ||
| 100 | 1 | _aManzano, R.M. | |
| 111 | 1 |
_a2. Congresso Brasileiro de Suinocultura _cCampinas, SP (Brazil) _d19 Nov 1980 |
|
| 245 | 1 | _aControle de enfermidades bacterianas por gram-negativos atraves de racoes [suino, aditivo] | |
| 260 | 3 |
_aCampinas, SP (Brasil): _c1981. |
|
| 500 | _aAnais do 2. Congresso Brasileiro de Suinocultura Campinas, SP (Brasil): 1981. p. 117-122 (BR8106483-AM)L73 | ||
| 650 | _aDOENCA ANIMAL | ||
| 650 | _aRACAO | ||
| 650 | _aPROFILAXIA | ||
| 650 | _aADITIVO | ||
| 650 | _aCONTROLE QUIMICO | ||
| 650 | _aSUINO | ||
| 773 | 0 |
_tAnais do 2. Congresso Brasileiro de Suinocultura _wL73 BR8106483 _gCampinas, SP (Brasil), 1981. p. 117-122 |
|
| 909 |
_a202404 _bLucia _c55 _dLucia Elande |
||
| 942 |
_cAM _2AGRIS |
||
| 999 |
_c314497 _d314497 |
||